It looks like you're offline.
Open Library logo
additional options menu

MARC record from Internet Archive

LEADER: 00836cam a2200277 a 4500
001 95011714
003 DLC
005 20141210084029.0
008 950307s1996 nyu 000 1 eng
010 $a 95011714
020 $a0892965479
040 $aDLC$cDLC$dDLC$dOCoLC$dDLC
043 $an-usn--
050 00 $aPS3565.C526$bS57 1996
082 00 $a813/.54$220
100 1 $aO'Connell, Jack,$d1959-
245 14 $aThe skin palace /$cJack O'Connell.
260 $aNew York, NY :$bMysterious Press,$cc1996.
300 $a403 p. ;$c24 cm.
650 0 $aCity and town life$vFiction.
650 0 $aPornographic films$vFiction.
650 0 $aPhotographers$vFiction.
650 0 $aSex-oriented businesses$vFiction.
651 0 $aNew England$vFiction.
655 7 $aPsychological fiction.$2lcsh
655 7 $aDetective and mystery stories.$2gsafd